000 00829nas a2200253 4500
001 BR8707370
003 BR-BrBNA
005 20231205090928.0
007 ta
008 230509b bl.|||p| |||| 00| 00por d
040 _aBR-BrBNA
_bpor
_cBiblioteca Nacional de Agricultura
041 _a(En)
072 _aL73
100 1 _aIto, N.M.D.K.
100 1 _aPrestes, A.A.
100 1 _aNiceiporciukas, M.C.
245 1 _aNewcastle disease virus: some biological characteristics of twelve samples isolated im Brazil
650 _aNEWCASTLE
650 _aHEMOAGLUTINACAO
650 _aVIRUS
773 0 _tRevista da Faculdade de Medicina Veterinaria e Zootecnia da Universidade de Sao Paulo (Brazil)
_xISSN 0303-7525
_g(1986), v. 23(1) p. 47-53
_wBR8707370
909 _a202311
_bLúcia
_c55
_dLúcia Elande
942 _2AGRIS
_n0
_cANA
999 _c121688
_d121688